Matemática 1º básico: texto del estudiante.
Saved in:
| Hovedforfatter: | |
|---|---|
| Format: | Bog |
| Udgivet: |
Santiago, Chile:
Ediciones Cal y Canto,
2017.
|
| Udgivelse: | 1a. ed |
| Fag: | |
| Tags: |
Tilføj Tag
Ingen Tags, Vær først til at tagge denne postø!
|
MARC
| LEADER | 00000cam a2200000 a 4500 | ||
|---|---|---|---|
| 001 | UCD9887 | ||
| 003 | CL-VaPUC | ||
| 005 | 20240705074027.0 | ||
| 008 | 220929t2017 ||||| |||| 00| 0 eng d | ||
| 999 | |c 368899 |d 368897 | ||
| 020 | |a 9789563392135 | ||
| 040 | |c Pontificia Universidad Católica de Valparaíso | ||
| 082 | 0 | 4 | |a 372.7 COR 2017 |2 21 |
| 100 | |a Cortés Toro, Camila |e autora |9 593627 | ||
| 245 | 1 | 0 | |a Matemática 1º básico: texto del estudiante. |
| 250 | |a 1a. ed | ||
| 260 | |a Santiago, Chile: |b Ediciones Cal y Canto, |c 2017. | ||
| 300 | |a 263 páginas. | ||
| 500 | |a c.4. Donación Bib. Educación a Bib. Matemática. Sin memo 26/09/2022 | ||
| 583 | |a last modification |c 20170709 17:01:00 |k Rodrigo Vera | ||
| 650 | 0 | |a Matemáticas |x Enseñanza |9 875527 | |
| 650 | 0 | |a Educación básica |9 224933 | |
| 650 | 0 | |a Textos escolares |9 382843 | |
| 650 | 0 | |a Libros de texto |9 270019 | |
| 942 | |c BK |2 ddc | ||
| 952 | |0 0 |1 0 |3 erb |4 0 |6 372_700000000000000_COR_2017 |7 0 |8 A |9 484368 |a BIBEDU |b BIBEDU |i 5405629 |o 372.7 COR 2017 |p 5405629 |r 2019-11-24 |w 2019-11-24 |y BK |z Catalogado en:20170709 |k EPE | ||
| 952 | |0 0 |1 0 |3 erb |4 0 |6 372_700000000000000_COR_2017 |7 0 |8 A |9 484369 |a BIBEDU |b BIBEDU |i 5405793 |o 372.7 COR 2017 |p 5405793 |r 2019-11-24 |w 2019-11-24 |y BK |z Catalogado en:20170709 |k EPE | ||
| 952 | |0 0 |1 0 |3 erb |4 0 |6 372_700000000000000_COR_2017 |7 0 |8 A |9 484370 |a BIBEDU |b BIBEDU |i 5405807 |o 372.7 COR 2017 |p 5405807 |r 2019-11-24 |w 2019-11-24 |y BK |z Catalogado en:20170709 |k EPE | ||
| 952 | |0 0 |1 0 |2 ddc |4 0 |6 372_700000000000000_COR_2017 |7 0 |8 A |9 586935 |a BIBMAT |b BIBMAT |c E_DIDACT |d 2022-09-29 |e Donación |i 5654876 |o 372.7 COR 2017 |p 5654876 |r 2025-01-07 |t 4 |w 2022-09-29 |y BK |k MAT | ||